000 00995nam a2200241 a 4500
001 BRCA_8788
005 20190320210418.0
008 180417s1771----sp-#######---#000-0#spa-#
041 _aspa
044 _asp
084 _aBE167
_b.B68 1771
100 1 _aBossuet, Jacobo Benigno
_921906
245 1 0 _aDefensa de la declaración de la asamblea del clero de Francia de 1682
_ba cerca de la potestad eclesiástica
_cpor el Ilmo. Señor Jacobo Benigno Bossuet, Obispo de Meaux; traducida en español por el Doctor Don Francisco Martínez Molés; Tomo tercero.
260 _aMadrid
_bEn la Oficina de D. Antonio Mayorial
_c1771
300 _aXVI, 463 p. (t.3)
_c20.5 x 15 cm
500 _aCon Superior Permiso, y Licencia
500 _aEstado físico: presenta encuadernación en pergamino
650 1 4 _aPolítica
_yObras anteriores a 1800
_zFrancia
_921801
700 1 _aMartínez Molés, Francisco
_etr.
_921907
700 1 _aMayoral, Antonio
_eImpresor
_921908
902 _aCFM
942 _2lcc
_cB
999 _c8439
_d8439